| LEADER | 00853nam a22002057a 4500 | ||
|---|---|---|---|
| 003 | GR-PaULI | ||
| 005 | 20210117210944.0 | ||
| 007 | ta | ||
| 008 | 190903b ||||f |||| 00| 0 eng d | ||
| 952 | |0 0 |1 0 |2 lcc |4 0 |6 HB0849 |7 1 |9 234745 |a MEDI |b MEDI |c DON |d 2019-09-03 |i 1453 |l 0 |o HB849 |p 025000175577 |r 2019-09-03 00:00:00 |t 1 |v 2019.00 |w 2019-09-03 |y BKN |z Δωρεά Β. Βαλαώρα (αίθουσα δωρεών) | ||
| 999 | |c 142312 |d 142312 | ||
| 040 | |a GR-PaULI |b gre |c GR-PaULI |e AACR2 | ||
| 060 | |a HB849 | ||
| 245 | 0 | 0 | |a Contribued papares : |b Sydney Conference, Australia, 21st to 25th August 1967 / |c International Union for the scientific study of population. |
| 260 | |a [χ.τ.] : |b [χ.ό.], |c [χ.χ.]. | ||
| 300 | |a ix, 1100 σ. ; |c 25 εκ. | ||
| 650 | 4 | |9 1332 |a Πληθυσμός | |
| 650 | 4 | |9 113055 |a Συνέδρια | |
| 942 | |2 lcc |c BKN | ||
| 998 | |c ΜΑΝΙΑΚΗ |d 2019 | ||